000 02223nam0a2200409 4500
001 RU\NLR\bibl\1225307
005 20260408235607.0
010 _a978-5-209-02920-5
_91000
021 _aRU
_b2008-20643
_91131
035 _a(NLR Aleph) 001347264
090 _a898247
_c898247
100 _a20080512d2007 |||y0rusy50 ca
101 1 _arus
_cund
_deng
102 _aRU
105 _ay |||||||||
200 1 _a"Ведартхасамграха" Рамануджи и становление вишишта-адвайта-веданты
_fР.В. Псху
210 _aМосква
_cРоссийский университет дружбы народов
_d2007
215 _a301, [1] с.
_d21
300 _aНа 4-й с. обл. авт.: Р.В. Псху - к.филос.н.
327 1 _aВ кн. включены переводы "Гитартхасамграхи" Ямуначарьи (краткое изложение смысла Гиты) и "Ведартхасамграхи" Рамануджи (краткое изложение смысла Вед)
464 0 _12001#$a"Гитартхасамграхи" Ямуначарьи$e(краткое изложение смысла Гиты)
_t"Гитартхасамграхи" Ямуначарьи
464 0 _12001#$a"Ведартхасамграхи" Рамануджи$e(краткое изложение смысла Вед)
_t"Ведартхасамграхи" Рамануджи
500 _aВедартхасамграха
_3RU\NLR\auth\5510042
_92632043
606 1 _aВишишта-адвайта-веданта
_jИсточники и источниковедение
_92647350
_3RU\NLR\AUTH\6601746329
606 1 _aФилософия индийская
_91216654
_3RU\NLR\AUTH\66176202
686 2 _aЭ331-4-340.2,1
686 _aЮ3(5Ид)3
700 1 _aПсху
_bР. В.
_gРузана Владимировна
_4070
702 0 _4570
_8rus
_7ca
_aРамануджа
_f12 в.
_3RU\NLR\auth\7765781
_948710
801 0 _aRU
_bNLR
_c20080512
_gRCR
801 1 _aRU
_bNLR
_c20080512
852 _aNLR
_jОЛСАА
942 _cBOOK
980 _aNB